zpět

Detail výsledku týmu

Harry, Brno

Datum a čas kvízu

22 Celkem bodů Celkový počet nahraných bodů na tomto kvízu bez doplňovacích otázek.
13. Pořadí na kvízu Konečné umístění týmu na tomto kvízu.

Zaznamenané odpovědi

# Otázka Odpověď Body Výsledky
1. V ostravské zoologické zahradě... o mývaly severní 1
2. Balendra Šáh se v pátek stal p... A 1
3. První ukázku ze své novinky po... Pět švestek 0
4. Které dvě společnosti byly min... Meta a Google 1
5. Který hráč zvítězil minulý týd... Pavel Šulc 0
6. „Na kterém z havajských ostrov... B 1
7. AZ Kvíz se na obrazovkách obje... 1 100 Kč 0
8. Doplňte tři slova do sloganu s... který vám zaplatí 1
9. Která herečka se objevuje v pa... Jiřina Bohdalová 1
10. Kdo byl moderátorem soutěže, j... Marek Eben, Valtice 1